| 000 | 00000nam##2200000za#4500 |
| 001 | 9.697729 |
| 003 | CaOODSP |
| 005 | 20210624235618 |
| 007 | cr ||||||||||| |
| 008 | 150407|2011||||xxc|||||o f|0| 0 eng|d |
| 040 | |aCaOODSP|beng |
| 043 | |an-cn--- |
| 086 | 1 |aCi64-8/2011E-PDF |
| 110 | 1 |aCanada. |bCitizenship and Immigration Canada. |
| 245 | 10|aConsultations on immigration levels for 2012 and beyond : |h[electronic resource]|breport of findings / |cprepared by Mike McWinney. |
| 260 | |aOttawa - Ontario : |bCitizenship and Immigration Canada |c[2011]. |
| 300 | |a94p. |
| 500 | |a"Over the summer of 2011, Citizenship and Immigration Canada (CIC) held two distinct but complementary consultations related to immigration levels: A) 2012 Immigration Levels: Stakeholder Consultation (June 21 to July 15, 2011) B) Immigration Levels and Mix: Stakeholder and Public Consultations (Stakeholder round tables July 12 to August 16, 2011; online consultations with stakeholders and the public from August 29 to September 19, 2011)"--Page 2 of 94, Executive summary. |
| 590 | |a13-11-Supp|b2013-04-26 |
| 690 | 07|aImmigration policy|2gcpds |
| 775 | 08|tConsultations sur les niveaux d'immigration – 2012 et années suivantes : |w(CaOODSP)9.641751 |
| 856 | 40|ahttp://publications.gc.ca|qPDF|s1117 KB|uhttps://publications.gc.ca/collections/collection_2013/cic/Ci64-8-2011-eng.pdf |